Britain's exports and the balance of payments
Sparad:
| Huvudupphovsman: | |
|---|---|
| Materialtyp: | Bok |
| Språk: | Undetermined |
| Publicerad: |
London
Sphere
1970
|
| Ämnen: | |
| Taggar: |
Lägg till en tagg
Inga taggar, Lägg till första taggen!
|
| Thư viện lưu trữ: | Trung tâm Học liệu Trường Đại học Cần Thơ |
|---|
| LEADER | 00532nam a2200193Ia 4500 | ||
|---|---|---|---|
| 001 | CTU_83429 | ||
| 008 | 210402s9999 xx 000 0 und d | ||
| 082 | |a 332.1 | ||
| 082 | |b D761 | ||
| 100 | |a Drake, Keith | ||
| 245 | 0 | |a Britain's exports and the balance of payments | |
| 245 | 0 | |c Keith Drake | |
| 260 | |a London | ||
| 260 | |b Sphere | ||
| 260 | |c 1970 | ||
| 650 | |a Balance of payments,Exports | ||
| 650 | |z Great britain,Great britain | ||
| 904 | |i QHieu(sửa) | ||
| 980 | |a Trung tâm Học liệu Trường Đại học Cần Thơ | ||